00664nam a2200193 a 450000100100000000500170001000800410002702000150006804000250008308200150010810000430012324500550016626000340022130000200025549000280027583000370030395201130034099900170045300004315520201002040659.0140220s1976 sp 000 0 spa d a8472235726 aDO-SdBNPbspacBNPHU axxxbM689Y1 aYurkievich, Saúl,d1931-2005.91732210aCelebración del modernismo /cSaúl Yurkievich. aBarcelona :bTusquets,c1976. a98 p. ;c18 cm.1 aCuadernos ínfimosv72 0aCuadernos ínfimos ;n72970717 001050718MOaGRbGRcCTd2014-02-20iLF1l0oxxx M689Yp43155-10r2020-06-25w2020-06-25y1ZNo se presta c42644d42644